000 00744nab a2200241 u 4500
001 15991
003 HDC
007 cr bn ---aaaaa
008 210220c |r|noo 0 a d
040 _aHDC
245 0 _aHDC partners South Korea
260 _aPetaling Jaya :
_bMalay Mail,
_c2013
336 _atext
_2rdacontent
337 _acomputer
_2rdamedia
338 _aonline resource
_2rdacarrier
650 _aHalal certificate
_9482
650 _aHalal industry
_9144
710 _aMalay Mail
856 _zRequest full-text at [email protected]
942 _2lcc
942 _cNEWS
942 _kNWSO 009009
999 _c13307
_d13307